000 00320nam a22001457a 4500
003 SGT
020 _a9780385339032
082 _a808.23
_bFIE
100 _aFIELD SYD
245 _aSCREENPLAY THE FOUNDATIONS OF SCREENWRITING
260 _aUSA
_c2022
_bBANTAM DELL
300 _a319
650 _aBJMC
942 _2ddc
_cBK
999 _c32129
_d32129